ბათუმის შოთა რუსთაველის სახელმწიფო უნივერსიტეტის ბიბლიოთეკა

Алгебры токов и их применение в физике частиц (ბიბ.ჩანაწერი № 39113)

000 -LEADER
fixed length control field 00625nam a2200205Ia 4500
001 - CONTROL NUMBER
control field 5693
003 - CONTROL NUMBER IDENTIFIER
control field GE_BSU
008 - FIXED-LENGTH DATA ELEMENTS--GENERAL INFORMATION
fixed length control field 181216s||||||||xx |||||||||||||| ||und||
040 ## - CATALOGING SOURCE
Transcribing agency GE_BSU
080 ## - UNIVERSAL DECIMAL CLASSIFICATION NUMBER
Universal Decimal Classification number 530.1
100 ## - MAIN ENTRY--PERSONAL NAME
Personal name Адлер С., Дашен Р.,
245 ## - TITLE STATEMENT
Title Алгебры токов и их применение в физике частиц
245 ## - TITLE STATEMENT
Statement of responsibility, etc. Под ред. Л.Д.Соловьева пер. с англ.
260 ## - PUBLICATION, DISTRIBUTION, ETC.
Place of publication, distribution, etc. Москва
260 ## - PUBLICATION, DISTRIBUTION, ETC.
Name of publisher, distributor, etc. Мир
260 ## - PUBLICATION, DISTRIBUTION, ETC.
Date of publication, distribution, etc. 1970
300 ## - PHYSICAL DESCRIPTION
Extent 435с. 20 см.
653 ## - INDEX TERM--UNCONTROLLED
Uncontrolled term Алгебры токов и их применение в физике
942 ## - ADDED ENTRY ELEMENTS (KOHA)
Koha item type წიგნი
ეგზემპლარები
Withdrawn status Lost status Damaged status Not for loan Date acquired Barcode Date last seen Price effective from Koha item type
        2018-12-17 16650 2018-12-17 2018-12-17 წიგნი